| 000 | nam a22 7a 4500 | ||
|---|---|---|---|
| 999 |
_c25821 _d25821 |
||
| 008 | 170201b xxu||||| |||| 00| 0 eng d | ||
| 050 | _aND237 .H7W55 1972 | ||
| 100 | _aWilmerding ,John | ||
| 245 |
_aWinslow homer / _cJohn Wilmerding |
||
| 260 |
_aNew York : _bPraeger Publishers, _cc1972 |
||
| 300 |
_a224p. : _bill. ; _c29cm. |
||
| 500 | _aincludes bibliography and index. | ||
| 942 |
_2lcc _cBOOKS _hND237 .H7W55 1972 |
||